[Event "Bad Pyrmont Pape op-A 2nd"]
[White "Schubert, Matthias"]
[Black "Tondera, Benedikt"]
[Site "Bad Pyrmont"]
[Round "5"]
[Result "1-0"]
[Date "2023.08.12"]
[WhiteElo "1873"]
[BlackElo "1808"]
[PlyCount "44"]
[EventDate "2023.08.10"]
[EventType "swiss"]
[EventRounds "7"]
[EventCountry "GER"]
[SourceTitle "EXT 2024"]
[Source "ChessBase"]
[SourceDate "2023.10.10"]
[SourceVersion "1"]
[SourceVersionDate "2023.10.10"]
[SourceQuality "1"]

1. e4 c6 2. d4 d5 3. exd5 cxd5 4. c4 Nf6 5. Nc3 g6 6. Nf3 Bg7 7. Be2 0-0 8. 0-0 Nc6 9. h3 Be6 10. c5 Ne4 11. Re1 Nxc3 12. bxc3 b6 13. Bb5 Na5 14. Ba3 bxc5 15. Bxc5 Bd7 16. Bxe7 Qc7 17. Bxf8 Rxf8 18. Bxd7 Qxd7 19. Ne5 Qc7 20. Qa4 Bh6 21. Nd7 Rd8 22. Nf6+ Kg7 1-0

[Event "Bad Pyrmont Pape op-A 2nd"]
[White "Tondera, Benedikt"]
[Black "Kessens, Felix Magnus"]
[Site "Bad Pyrmont"]
[Round "4"]
[Result "1-0"]
[Date "2023.08.12"]
[WhiteElo "1808"]
[BlackElo "1742"]
[PlyCount "83"]
[EventDate "2023.08.10"]
[EventType "swiss"]
[EventRounds "7"]
[EventCountry "GER"]
[SourceTitle "EXT 2024"]
[Source "ChessBase"]
[SourceDate "2023.10.10"]
[SourceVersion "1"]
[SourceVersionDate "2023.10.10"]
[SourceQuality "1"]

1. d4 Nf6 2. c4 c5 3. d5 b5 4. cxb5 a6 5. bxa6 g6 6. Nc3 Bg7 7. a7 Rxa7 8. e4 0-0 9. Nf3 Qa5 10. Bd2 Qb6 11. Qc2 d6 12. Be2 Ba6 13. 0-0 Bxe2 14. Nxe2 Nbd7 15. Bc3 Rfa8 16. a4 e6 17. dxe6 fxe6 18. Nf4 d5 19. exd5 exd5 20. b4 Qd6 21. Nd3 c4 22. Nb2 Rc8 23. Rfd1 Ng4 24. Bxg7 Kxg7 25. Rd4 Ndf6 26. h3 Ne5 27. Nxe5 Qxe5 28. Rad1 c3 29. a5 cxb2 30. Qxc8 Qxd4 31. Rxd4 b1Q+ 32. Kh2 Rd7 33. Rf4 Rf7 34. Qc3 g5 35. Rf3 Kg6 36. a6 Qe4 37. a7 d4 38. Qc5 g4 39. Rg3 Qa8 40. Ra3 gxh3 41. Rg3+ Kh6 42. Qg5# 1-0

[Event "Niedersachsen-ch op A"]
[White "Tondera, Benedikt"]
[Black "Stoy, Ulf"]
[Site "Verden"]
[Round "5"]
[Result "0-1"]
[Date "2019.01.05"]
[WhiteElo "1758"]
[BlackElo "1963"]
[PlyCount "46"]
[EventDate "2019.01.03"]
[EventType "swiss"]
[EventRounds "7"]
[EventCountry "GER"]
[SourceTitle "EXT 2022"]
[Source "ChessBase"]
[SourceDate "2021.10.06"]
[SourceVersion "1"]
[SourceVersionDate "2021.10.06"]
[SourceQuality "1"]

1. d4 g6 2. c4 Bg7 3. e4 d6 4. Nc3 Nf6 5. Be2 Na6 6. Nf3 c5 7. d5 0-0 8. Be3 e6 9. a4 exd5 10. cxd5 Re8 11. Nd2 Nb4 12. 0-0 b6 13. f3 Nbxd5 14. Nxd5 Nxd5 15. Bf2 Nf4 16. Bc4 Be6 17. Bb5 Qg5 18. Bg3 Red8 19. Nc4 Bd4+ 20. Kh1 Nh5 21. Bf2 d5 22. exd5 Rxd5 23. Bc6 Bxf2 0-1

[Event "Niedersachsen-ch op A"]
[White "Soellig, Martin"]
[Black "Tondera, Benedikt"]
[Site "Verden"]
[Round "2"]
[Result "1-0"]
[Date "2019.01.03"]
[WhiteElo "1983"]
[BlackElo "1758"]
[PlyCount "91"]
[EventDate "2019.01.03"]
[EventType "swiss"]
[EventRounds "7"]
[EventCountry "GER"]
[SourceTitle "EXT 2022"]
[Source "ChessBase"]
[SourceDate "2021.10.06"]
[SourceVersion "1"]
[SourceVersionDate "2021.10.06"]
[SourceQuality "1"]

1. e4 c6 2. d4 d5 3. e5 Bf5 4. Be3 e6 5. Nd2 Nd7 6. Nb3 Ne7 7. c3 h6 8. Be2 Bh7 9. f4 Nf5 10. Bf2 Be7 11. Nf3 Nh4 12. 0-0 Nxf3+ 13. Bxf3 0-0 14. Be3 Rc8 15. g4 c5 16. Qd2 cxd4 17. Bxd4 Nc5 18. Nxc5 Bxc5 19. Be2 Qh4 20. Bxc5 Rxc5 21. Qe3 Rfc8 22. Rad1 Be4 23. Rd4 b5 24. a3 a5 25. h3 g6 26. Kh2 Kg7 27. f5 exf5 28. gxf5 gxf5 29. Rxf5 Qe7 30. Rh5 R8c6 31. Bf3 Bxf3 32. Qxf3 Rg6 33. Rf5 Rg5 34. Rxg5+ hxg5 35. Rxd5 Rxd5 36. Qxd5 Qe8 37. Kg3 Kg6 38. Qd3+ Kg7 39. Qf5 Qe7 40. Kg4 Qc5 41. Qxg5+ Kf8 42. Qd8+ Kg7 43. Qd4 Qc8+ 44. Kg3 Qb8 45. Kf4 f6 46. Qd6 1-0

[Event "Niedersachsen-ch op A"]
[White "Tondera, Benedikt"]
[Black "Schroeder, Boris"]
[Site "Verden"]
[Round "1"]
[Result "0-1"]
[Date "2019.01.03"]
[WhiteElo "1758"]
[BlackElo "2092"]
[PlyCount "90"]
[EventDate "2019.01.03"]
[EventType "swiss"]
[EventRounds "7"]
[EventCountry "GER"]
[SourceTitle "EXT 2022"]
[Source "ChessBase"]
[SourceDate "2021.10.06"]
[SourceVersion "1"]
[SourceVersionDate "2021.10.06"]
[SourceQuality "1"]

1. d4 Nf6 2. c4 c5 3. d5 b5 4. Qc2 bxc4 5. e4 d6 6. Bxc4 g6 7. Nc3 Bg7 8. Nf3 0-0 9. 0-0 Ba6 10. Nb5 Bxb5 11. Bxb5 Qb6 12. Be2 Na6 13. a3 Nc7 14. Bd2 a5 15. a4 Na6 16. Bc3 Nb4 17. Qb1 Ng4 18. Bxg7 Kxg7 19. Nd2 Ne5 20. Kh1 Qb7 21. f4 Nd7 22. Nc4 Nb6 23. Nxb6 Qxb6 24. b3 e6 25. Qb2+ Kg8 26. dxe6 fxe6 27. Bc4 d5 28. exd5 exd5 29. Bb5 Qf6 30. Qd2 Ra7 31. Rae1 Re7 32. Rxe7 Qxe7 33. h3 Qe4 34. Rf3 d4 35. Bc4+ Kg7 36. Qe2 Qxe2 37. Bxe2 Rd8 38. Bd3 Kf6 39. Kg1 Nxd3 40. Rxd3 Kf5 41. g3 Ke4 42. Rd1 d3 43. Kf2 Kd4 44. Kf3 Kc3 45. Ke4 d2 0-1

[Event "Niedersachsen-ch op-C"]
[White "Tondera, Benedikt"]
[Black "Vaduva, Ilie"]
[Site "Verden"]
[Round "1"]
[Result "1-0"]
[Date "2017.01.05"]
[WhiteElo "1819"]
[BlackElo "1716"]
[PlyCount "85"]
[EventDate "2017.01.05"]
[EventType "swiss"]
[EventRounds "7"]
[EventCountry "GER"]
[SourceTitle "CBM 187 Extra"]
[Source "ChessBase"]
[SourceDate "2018.11.04"]
[SourceVersion "1"]
[SourceVersionDate "2018.11.04"]
[SourceQuality "1"]

1. d4 d5 2. c4 Nf6 3. cxd5 Bf5 4. Nf3 Nxd5 5. Qb3 Nb6 6. Nc3 e6 7. e4 Bg6 8. Be3 N8d7 9. a4 a5 10. Bd3 Bb4 11. 0-0 0-0 12. Rac1 Rc8 13. Nd2 e5 14. Nb5 c6 15. Nc3 Kh8 16. Rfd1 f6 17. Qc2 Bf7 18. Ne2 Bh5 19. f3 Bf7 20. Nc4 Nxc4 21. Bxc4 Qe7 22. Bxf7 Qxf7 23. Bd2 exd4 24. Bxb4 axb4 25. Nxd4 c5 26. Nf5 Rc7 27. Rd6 g6 28. Ne3 Rfc8 29. Rcd1 Ne5 30. f4 Nd7 31. R1d5 Qe7 32. Nc4 f5 33. e5 Qh4 34. Qd2 Rd8 35. e6 Re8 36. g3 Qe7 37. Rxd7 Rxd7 38. exd7 Rd8 39. Ne5 Qf6 40. Rd6 Qe7 41. Qd5 Kg7 42. Qxc5 Rxd7 43. Rxd7 1-0

[Event "Hannover Ihme Cup"]
[White "Tondera, Benedikt"]
[Black "Barz, Oliver"]
[Site "Hannover"]
[Round "5"]
[Result "0-1"]
[Date "2016.05.22"]
[WhiteElo "1851"]
[BlackElo "1890"]
[PlyCount "94"]
[EventDate "2016.05.20"]
[EventType "swiss"]
[EventRounds "5"]
[EventCountry "GER"]
[SourceTitle "CBM 189 Extra"]
[Source "ChessBase"]
[SourceDate "2019.05.31"]
[SourceVersion "1"]
[SourceVersionDate "2019.05.31"]
[SourceQuality "1"]

1. d4 d5 2. c4 dxc4 3. e3 Be6 4. Nf3 Nf6 5. Nc3 h6 6. e4 c6 7. a4 Na6 8. Ne5 Nb4 9. Nxc4 Bxc4 10. Bxc4 e5 11. d5 Bc5 12. 0-0 0-0 13. g4 Nh7 14. Be3 Qe7 15. Bxc5 Qxc5 16. Qe2 Nf6 17. Rac1 Qe7 18. Qf3 Rfd8 19. Rfd1 a5 20. h4 Ne8 21. Qg3 Rd6 22. dxc6 bxc6 23. g5 hxg5 24. Qxg5 Qxg5+ 25. hxg5 Kf8 26. Kh2 Rad8 27. Rxd6 Rxd6 28. Rd1 Rxd1 29. Nxd1 Nd6 30. Ne3 Nxe4 31. Ng4 f6 32. gxf6 gxf6 33. b3 Ke7 34. Kg2 Nd2 35. Bg8 Nd5 36. Ne3 Kd6 37. Nf5+ Kc5 38. Ng7 Nxb3 39. Ne6+ Kb4 40. Nd8 Nd4 41. Nxc6+ Nxc6 42. Bxd5 Ne7 43. Be6 Kxa4 44. Kf3 Ka3 45. Ke4 a4 46. f4 exf4 47. Kxf4 Kb2 0-1

[Event "Hannover Ihme Cup"]
[White "Tondera, Benedikt"]
[Black "Kallwass, Marcel"]
[Site "Hannover"]
[Round "1"]
[Result "1-0"]
[Date "2016.05.20"]
[WhiteElo "1851"]
[BlackElo "1300"]
[PlyCount "57"]
[EventDate "2016.05.20"]
[EventType "swiss"]
[EventRounds "5"]
[EventCountry "GER"]
[SourceTitle "CBM 189 Extra"]
[Source "ChessBase"]
[SourceDate "2019.05.31"]
[SourceVersion "1"]
[SourceVersionDate "2019.05.31"]
[SourceQuality "1"]

1. d4 d5 2. c4 c6 3. Nf3 Nf6 4. e3 Bg4 5. Qb3 Qc7 6. Ne5 Nbd7 7. Nxg4 Nxg4 8. Be2 dxc4 9. Qxc4 Nb6 10. Qb3 Nf6 11. Nc3 e5 12. dxe5 Qxe5 13. 0-0 Bd6 14. f4 Qf5 15. Bf3 Bc5 16. Kh1 0-0 17. e4 Qd7 18. f5 Qc7 19. Bg5 Nbd7 20. Rad1 h6 21. Bh4 Rfe8 22. Bg3 Qb6 23. Qc2 Ne5 24. Na4 Qb5 25. Nxc5 Nc4 26. Bf2 Rad8 27. Be2 Rxd1 28. Rxd1 Qxb2 29. Qxc4 1-0

[Event "Hannover Region-ch"]
[White "Tondera, Benedikt"]
[Black "Prange, Joerg"]
[Site "Hannover"]
[Round "6"]
[Result "0-1"]
[Date "2016.04.02"]
[WhiteElo "1851"]
[BlackElo "1593"]
[PlyCount "82"]
[EventDate "2016.01.16"]
[EventType "swiss"]
[EventRounds "7"]
[EventCountry "GER"]
[SourceTitle "EXT 2020"]
[Source "ChessBase"]
[SourceDate "2019.10.17"]
[SourceVersion "1"]
[SourceVersionDate "2019.10.17"]
[SourceQuality "1"]

1. d4 d5 2. c4 e6 3. Nf3 c6 4. e3 Bd6 5. b3 f5 6. Ba3 Nf6 7. Bd3 Bxa3 8. Nxa3 Qa5+ 9. Nd2 Qxa3 10. 0-0 Qe7 11. cxd5 exd5 12. Qc2 Ne4 13. Rae1 0-0 14. f3 Nxd2 15. Qxd2 Qd6 16. Re2 Nd7 17. Rfe1 Nf6 18. e4 dxe4 19. fxe4 fxe4 20. Bxe4 Nxe4 21. Rxe4 Bd7 22. Qe3 Rae8 23. Re5 Rxe5 24. dxe5 Qe6 25. Qxa7 Bc8 26. h3 Rf5 27. Qb6 Qe7 28. Qa5 Be6 29. Rd1 Bd5 30. Re1 Rxe5 31. Qa8+ Kf7 32. Rf1+ Kg6 33. Qa4 Qg5 34. Rf2 Re1+ 35. Kh2 Qe5+ 36. Qf4 Qxf4+ 37. Rxf4 Re2 38. Rg4+ Kf7 39. a3 b5 40. b4 g6 41. Kg1 Re3 0-1

[Event "Hannover Region-ch"]
[White "Braun, Alexander"]
[Black "Tondera, Benedikt"]
[Site "Hannover"]
[Round "5"]
[Result "0-1"]
[Date "2016.03.19"]
[WhiteElo "1754"]
[BlackElo "1851"]
[PlyCount "160"]
[EventDate "2016.01.16"]
[EventType "swiss"]
[EventRounds "7"]
[EventCountry "GER"]
[SourceTitle "EXT 2020"]
[Source "ChessBase"]
[SourceDate "2019.10.17"]
[SourceVersion "1"]
[SourceVersionDate "2019.10.17"]
[SourceQuality "1"]

1. e4 c6 2. d4 d5 3. exd5 cxd5 4. c4 Nf6 5. Nc3 Nc6 6. Nf3 Bg4 7. Be2 e6 8. 0-0 Be7 9. Bg5 0-0 10. cxd5 Nxd5 11. Bxe7 Ncxe7 12. Ne5 Bxe2 13. Qxe2 Nxc3 14. bxc3 Nd5 15. Qf3 Qf6 16. c4 Qxf3 17. Nxf3 Nc3 18. Rfe1 Rac8 19. c5 Rfd8 20. Re3 Nb5 21. Re4 Rd7 22. a4 Nc3 23. Re3 Nd5 24. Rb3 b6 25. Rab1 f6 26. cxb6 axb6 27. g3 Ra7 28. Ra3 Rca8 29. Re1 Kf7 30. Rea1 Nb4 31. Ne1 Nc6 32. Nc2 Rd7 33. Rb1 Nxd4 34. Nxd4 Rxd4 35. Rxb6 Rdxa4 36. Rd3 R8a7 37. Kg2 g5 38. Rdd6 Re4 39. h3 h5 40. Rb2 f5 41. f3 Re3 42. Rf2 Ra1 43. Rd7+ Kf6 44. g4 Ree1 45. f4 Rg1+ 46. Kf3 Ra3+ 47. Ke2 Ra2+ 48. Rd2 Rxd2+ 49. Kxd2 hxg4 50. hxg4 Rxg4 51. fxg5+ Kxg5 52. Re2 Kf6 53. Kd3 e5 54. Re1 Rd4+ 55. Kc3 f4 56. Ra1 Kf5 57. Rf1 Re4 58. Kd3 Re3+ 59. Kd2 e4 60. Ra1 Rd3+ 61. Kc2 f3 62. Rf1 Kf4 63. Rh1 Kg3 64. Rg1+ Kf2 65. Rg4 Ke3 66. Rg3 Ke2 67. Rg4 e3 68. Rh4 Rd2+ 69. Kc1 f2 70. Rh2 Ke1 71. Rh3 e2 72. Rh1+ f1Q 73. Rh2 Rd1+ 74. Kb2 Qf6+ 75. Kc2 Qc6+ 76. Kb3 Qb5+ 77. Kc3 Qc5+ 78. Kb3 Qb5+ 79. Kc3 Qe5+ 80. Kb3 Qxh2 0-1

[Event "Hannover Region-ch"]
[White "Tondera, Benedikt"]
[Black "Kiesewetter, Oliver"]
[Site "Hannover"]
[Round "4"]
[Result "0-1"]
[Date "2016.02.13"]
[WhiteElo "1851"]
[BlackElo "1888"]
[PlyCount "104"]
[EventDate "2016.01.16"]
[EventType "swiss"]
[EventRounds "7"]
[EventCountry "GER"]
[SourceTitle "EXT 2020"]
[Source "ChessBase"]
[SourceDate "2019.10.17"]
[SourceVersion "1"]
[SourceVersionDate "2019.10.17"]
[SourceQuality "1"]

1. e4 Nf6 2. e5 Nd5 3. d4 d6 4. Nf3 Bg4 5. Be2 Nc6 6. c4 Nb6 7. Nbd2 dxe5 8. d5 Nxd5 9. cxd5 Qxd5 10. Bc4 Qd7 11. 0-0 0-0-0 12. Qa4 a6 13. Bxf7 Qf5 14. Qe4 e6 15. Qxf5 exf5 16. Be6+ Kb8 17. Ng5 Nd4 18. Bc4 Bh5 19. Ndf3 h6 20. Ne6 Nxf3+ 21. gxf3 Re8 22. Re1 Bxf3 23. Rxe5 Be4 24. Nxf8 Rhxf8 25. Rxe8+ Rxe8 26. Be3 Rd8 27. Kf1 g5 28. f4 g4 29. Be2 Kc8 30. Rd1 Re8 31. Kf2 h5 32. Bd4 Bc2 33. Rd2 Bb1 34. a3 Rd8 35. Bc3 Re8 36. Bd3 Bxd3 37. Rxd3 Re4 38. Be5 h4 39. Rd4 Rxd4 40. Bxd4 h3 41. b4 Kd7 42. a4 b6 43. Kg3 Ke6 44. Kh4 Kd5 45. Bf2 c5 46. bxc5 bxc5 47. Kg5 Ke4 48. Be1 c4 49. Kf6 Kxf4 50. Bg3+ Ke4 51. Be5 c3 52. Bxc3 g3 0-1

[Event "Langenhagen-ch op"]
[White "Wittur, Helge"]
[Black "Tondera, Benedikt"]
[Site "Langenhagen"]
[Round "6"]
[Result "1-0"]
[Date "2015.09.26"]
[WhiteElo "1891"]
[BlackElo "1793"]
[PlyCount "81"]
[EventDate "2015.05.23"]
[EventType "swiss"]
[EventRounds "7"]
[EventCountry "GER"]
[SourceTitle "EXT 2021"]
[Source "ChessBase"]
[SourceDate "2020.10.23"]
[SourceVersion "1"]
[SourceVersionDate "2020.10.23"]
[SourceQuality "1"]

1. e4 c6 2. d3 d5 3. Nd2 e5 4. Ngf3 Nd7 5. g3 Ngf6 6. Bg2 Bd6 7. 0-0 0-0 8. Re1 Qc7 9. b3 Re8 10. Bb2 a5 11. Rc1 a4 12. exd5 cxd5 13. c4 d4 14. c5 Bxc5 15. b4 Qb6 16. bxc5 Qxb2 17. Rc2 Qb5 18. Nc4 Qxc5 19. Ncxe5 Qa5 20. Nc4 Rxe1+ 21. Nxe1 Qa6 22. Qc1 Rb8 23. Qf4 Qe6 24. Nf3 b5 25. Nd6 Nd5 26. Qc1 Qxd6 27. Rxc8+ Rxc8 28. Qxc8+ Nf8 29. Nxd4 Qc7 30. Qxc7 Nxc7 31. Bc6 Nfe6 32. Nxb5 Nxb5 33. Bxb5 Nd4 34. Bxa4 Ne2+ 35. Kg2 Nc1 36. Bb3 Nxd3 37. Kf3 Kf8 38. Ke3 Ne5 39. h3 f6 40. f4 Nf7 41. Bxf7 1-0

[Event "Daehne Cup Region 14/15 VI Rest"]
[White "Stummeyer, Dieter"]
[Black "Tondera, Benedikt"]
[Site "Hannover"]
[Round "4"]
[Result "1/2-1/2"]
[Date "2015.07.15"]
[WhiteElo "1700"]
[BlackElo "1776"]
[PlyCount "49"]
[EventDate "2015.07.??"]
[EventType "swiss"]
[EventCountry "GER"]
[SourceTitle "EXT 2022"]
[Source "ChessBase"]
[SourceDate "2021.10.06"]
[SourceVersion "1"]
[SourceVersionDate "2021.10.06"]
[SourceQuality "1"]

1. e4 c6 2. d4 d5 3. Nc3 dxe4 4. Nxe4 Bf5 5. Ng3 Bg6 6. Nf3 Nd7 7. Bd3 e6 8. 0-0 Ngf6 9. Re1 Be7 10. Bg5 Bxd3 11. Qxd3 h6 12. Bd2 0-0 13. Qe2 Re8 14. c4 c5 15. Bc3 Qc7 16. Rad1 Rad8 17. b3 a5 18. dxc5 Nxc5 19. Nd4 b6 20. Nb5 Qc6 21. Be5 Rxd1 22. Rxd1 Rd8 23. Rxd8+ Bxd8 24. Qd2 Be7 25. f3 1/2-1/2

[Event "Langenhagen-ch op"]
[White "Herrmann, Andreas"]
[Black "Tondera, Benedikt"]
[Site "Langenhagen"]
[Round "2"]
[Result "1-0"]
[Date "2015.06.06"]
[WhiteElo "2160"]
[BlackElo "1793"]
[PlyCount "75"]
[EventDate "2015.05.23"]
[EventType "swiss"]
[EventRounds "7"]
[EventCountry "GER"]
[SourceTitle "EXT 2021"]
[Source "ChessBase"]
[SourceDate "2020.10.23"]
[SourceVersion "1"]
[SourceVersionDate "2020.10.23"]
[SourceQuality "1"]

1. d4 d5 2. Nf3 Nf6 3. c3 c5 4. Bf4 Nc6 5. e3 Qb6 6. Qb3 c4 7. Qxb6 axb6 8. Nbd2 b5 9. a3 b4 10. cxb4 Nxb4 11. Rc1 Nc6 12. Be2 Bg4 13. h3 Bxf3 14. Bxf3 e6 15. 0-0 b5 16. g4 Kd7 17. Bg2 Bxa3 18. bxa3 Rxa3 19. Rb1 b4 20. Nxc4 dxc4 21. Bxc6+ Kxc6 22. Rxb4 Rc3 23. Ra1 Rc8 24. Ra6+ Kd5 25. f3 Rc1+ 26. Kg2 Rc2+ 27. Kg3 Ne4+ 28. fxe4+ Kxe4 29. Ra5 f6 30. Rb6 Re8 31. Raa6 Kd3 32. Rxe6 Rxe6 33. Rxe6 Rb2 34. d5 g5 35. Bc7 c3 36. Rc6 Re2 37. Bb6 c2 38. d6 1-0

[Event "Hannover Ihme Cup"]
[White "Tondera, Benedikt"]
[Black "Mumm, Karen"]
[Site "Hannover"]
[Round "3"]
[Result "1-0"]
[Date "2015.05.09"]
[WhiteElo "1891"]
[BlackElo "1326"]
[PlyCount "73"]
[EventDate "2015.05.08"]
[EventType "swiss"]
[EventRounds "5"]
[EventCountry "GER"]
[SourceTitle "EXT 2021"]
[Source "ChessBase"]
[SourceDate "2020.10.23"]
[SourceVersion "1"]
[SourceVersionDate "2020.10.23"]
[SourceQuality "1"]

1. d4 Nf6 2. c4 g6 3. Nf3 Bg7 4. g3 0-0 5. Bg2 c6 6. 0-0 d5 7. b3 Bf5 8. Nc3 Ne4 9. Bb2 Nxc3 10. Bxc3 Qc8 11. Re1 Be4 12. cxd5 cxd5 13. Rc1 Qd8 14. Ne5 Bxg2 15. Kxg2 Nc6 16. Nxc6 bxc6 17. Qd2 Qd7 18. Bb2 Rfe8 19. Rc5 e5 20. dxe5 Bxe5 21. Bxe5 Rxe5 22. Rec1 Rc8 23. Qc2 Re6 24. b4 Qe8 25. e3 d4 26. exd4 Re2 27. Qd3 Rxa2 28. b5 Qe6 29. bxc6 Qf6 30. Qe3 Ra4 31. d5 a6 32. Qb3 Qd4 33. R1c4 Rxc4 34. Qxc4 Qe5 35. Ra5 Rxc6 36. dxc6 Qxa5 37. c7 1-0

[Event "Niedersachsen-ch op-A"]
[White "Goes, Carsten"]
[Black "Tondera, Benedikt"]
[Site "Verden"]
[Round "1"]
[Result "0-1"]
[Date "2015.01.02"]
[WhiteElo "1768"]
[BlackElo "1881"]
[PlyCount "50"]
[EventDate "2015.01.02"]
[EventType "swiss"]
[EventRounds "7"]
[EventCountry "GER"]
[SourceTitle "EXT 2018"]
[Source "ChessBase"]
[SourceDate "2017.10.13"]
[SourceVersion "1"]
[SourceVersionDate "2017.10.13"]
[SourceQuality "1"]

1. e4 c6 2. d4 d5 3. exd5 cxd5 4. Bd3 Nc6 5. c3 Qc7 6. Ne2 e5 7. dxe5 Nxe5 8. Bb5+ Bd7 9. Bxd7+ Qxd7 10. 0-0 Nf6 11. Re1 Bd6 12. f4 Ng6 13. Nd4+ Ne7 14. Nf3 0-0 15. Ne5 Qc7 16. Nd2 Ng6 17. Ndf3 Rfe8 18. Nxg6 hxg6 19. Ne5 Bxe5 20. fxe5 Rxe5 21. Rf1 Qc5+ 22. Kh1 Rae8 23. Bf4 Re2 24. Qb3 Ne4 25. h3 g5 0-1

[Event "Niedersachsen-ch op-A"]
[White "Gruender, Michael"]
[Black "Tondera, Benedikt"]
[Site "Verden"]
[Round "5"]
[Result "1-0"]
[Date "2014.01.04"]
[WhiteElo "2006"]
[BlackElo "1843"]
[PlyCount "33"]
[EventDate "2014.01.02"]
[EventType "swiss"]
[EventRounds "7"]
[EventCountry "GER"]
[SourceTitle "EXT 2016"]
[Source "ChessBase"]
[SourceDate "2015.10.08"]
[SourceVersion "1"]
[SourceVersionDate "2015.10.08"]
[SourceQuality "1"]

1. Nf3 c5 2. c4 Nc6 3. Nc3 e5 4. e3 g6 5. d4 exd4 6. exd4 Bg7 7. Be3 Nge7 8. d5 Ne5 9. Nxe5 Bxe5 10. Bxc5 Nf5 11. Qe2 d6 12. f4 Qh4+ 13. g3 Nxg3 14. hxg3 Qxh1 15. Bxd6 Kd8 16. Bxe5 Re8 17. 0-0-0 1-0

[Event "Niedersachsen-ch op-A"]
[White "Tondera, Benedikt"]
[Black "Kuenitz, Bernhard"]
[Site "Verden"]
[Round "6"]
[Result "1-0"]
[Date "2014.01.04"]
[WhiteElo "1843"]
[BlackElo "1917"]
[PlyCount "61"]
[EventDate "2014.01.02"]
[EventType "swiss"]
[EventRounds "7"]
[EventCountry "GER"]
[SourceTitle "EXT 2016"]
[Source "ChessBase"]
[SourceDate "2015.10.08"]
[SourceVersion "1"]
[SourceVersionDate "2015.10.08"]
[SourceQuality "1"]

1. d4 d5 2. c4 c6 3. Nf3 g6 4. e3 Bg7 5. Nc3 Nf6 6. Be2 0-0 7. 0-0 Nbd7 8. Qb3 Qb6 9. Qxb6 Nxb6 10. Nd2 Re8 11. c5 Nbd7 12. f4 b6 13. b4 a5 14. b5 bxc5 15. bxc6 Nf8 16. dxc5 Ne6 17. Ba3 d4 18. exd4 Nxd4 19. Rab1 Nxe2+ 20. Nxe2 Ba6 21. Rfe1 Nd5 22. Bb2 Bd3 23. Bxg7 Bxb1 24. Rxb1 Kxg7 25. Nc4 Rec8 26. Nd4 Rc7 27. Rb7 Rac8 28. Nb6 Nxb6 29. Rxc7 Rb8 30. cxb6 Rxb6 31. Rb7 1-0

[Event "Niedersachsen-ch op-A"]
[White "Roehrkasten, Reinhard"]
[Black "Tondera, Benedikt"]
[Site "Verden"]
[Round "3"]
[Result "1-0"]
[Date "2014.01.03"]
[WhiteElo "1945"]
[BlackElo "1843"]
[PlyCount "81"]
[EventDate "2014.01.02"]
[EventType "swiss"]
[EventRounds "7"]
[EventCountry "GER"]
[SourceTitle "EXT 2016"]
[Source "ChessBase"]
[SourceDate "2015.10.08"]
[SourceVersion "1"]
[SourceVersionDate "2015.10.08"]
[SourceQuality "1"]

1. d4 d5 2. Nf3 Nf6 3. c4 c6 4. Nc3 e6 5. Qb3 Bd6 6. g3 0-0 7. Bg2 Nbd7 8. 0-0 Qc7 9. Nd2 b6 10. e4 dxe4 11. Ndxe4 Nxe4 12. Nxe4 Be7 13. Bf4 Qd8 14. Rfd1 g5 15. Be3 Bb7 16. f4 h6 17. Nc3 Qc7 18. Rac1 Rac8 19. fxg5 Bxg5 20. Bxg5 hxg5 21. Ne4 g4 22. Qe3 f5 23. Ng5 Rce8 24. Nxe6 Kf7 25. Qf4 Qxf4 26. Nxf4 Nf6 27. Re1 Ne4 28. d5 cxd5 29. cxd5 Nd6 30. Rc7+ Kf6 31. Ne6 Rf7 32. Rxf7+ Kxf7 33. Kf2 Kf6 34. Re3 Rh8 35. Nf4 Ne4+ 36. Bxe4 fxe4 37. Rxe4 Rxh2+ 38. Ke3 Kf5 39. Re7 Ba6 40. Rxa7 Bc4 41. b3 1-0

[Event "Hannover Ihme Cup"]
[White "Tondera, Benedikt"]
[Black "Engelking, Michael"]
[Site "Hannover"]
[Round "4"]
[Result "1/2-1/2"]
[Date "2013.05.05"]
[WhiteElo "1855"]
[BlackElo "1794"]
[PlyCount "56"]
[EventDate "2013.05.03"]
[EventType "swiss"]
[EventRounds "5"]
[EventCountry "GER"]
[SourceTitle "EXT 2021"]
[Source "ChessBase"]
[SourceDate "2020.10.23"]
[SourceVersion "1"]
[SourceVersionDate "2020.10.23"]
[SourceQuality "1"]

1. d4 d5 2. c4 e6 3. Nf3 Nf6 4. g3 Be7 5. Bg2 0-0 6. 0-0 b6 7. cxd5 exd5 8. Nc3 Bb7 9. Bf4 c6 10. Rc1 Re8 11. Re1 Bd6 12. Bxd6 Qxd6 13. Nd2 Nbd7 14. Qa4 b5 15. Qd1 Qb4 16. Nb3 a5 17. a3 Qf8 18. Nd2 Nb6 19. Qc2 b4 20. Na4 Nxa4 21. Qxa4 Qd6 22. Rc5 bxa3 23. bxa3 Nd7 24. Rxa5 Rxa5 25. Qxa5 Ra8 26. Qb4 Qxb4 27. axb4 Ra2 28. Nb3 Ra4 1/2-1/2

[Event "Hannover Ihme Cup"]
[White "Mumm, Karen"]
[Black "Tondera, Benedikt"]
[Site "Hannover"]
[Round "2"]
[Result "0-1"]
[Date "2013.05.04"]
[WhiteElo "1271"]
[BlackElo "1855"]
[PlyCount "80"]
[EventDate "2013.05.03"]
[EventType "swiss"]
[EventRounds "5"]
[EventCountry "GER"]
[SourceTitle "EXT 2021"]
[Source "ChessBase"]
[SourceDate "2020.10.23"]
[SourceVersion "1"]
[SourceVersionDate "2020.10.23"]
[SourceQuality "1"]

1. e4 c6 2. d4 d5 3. e5 Bf5 4. Nf3 e6 5. Bd3 Ne7 6. 0-0 Bxd3 7. Qxd3 Nf5 8. b3 Nd7 9. c4 Be7 10. Nc3 Nb6 11. cxd5 Nxd5 12. Nxd5 Qxd5 13. Be3 0-0 14. Rad1 a5 15. a4 Qd7 16. Bg5 Bb4 17. Bd2 Be7 18. Bg5 Bb4 19. Bd2 b5 20. Bxb4 axb4 21. axb5 cxb5 22. Qd2 Ne7 23. Qxb4 Nd5 24. Qd2 b4 25. Ra1 Ra3 26. Rxa3 bxa3 27. Qa5 Qe7 28. Ra1 Rc8 29. Nd2 Rc2 30. Qa8+ Qf8 31. Qxf8+ Kxf8 32. Nc4 a2 33. h3 Nb4 34. Kh2 Rxf2 35. Rc1 Rc2 36. Ra1 Ke7 37. Na3 Rb2 38. Kg3 Rxb3+ 39. Kf4 Rxa3 40. Rc1 Nd5+ 0-1

[Event "Niedersachsen-ch op-A"]
[White "Tondera, Benedikt"]
[Black "Walther, Jonas"]
[Site "Verden"]
[Round "7"]
[Result "1/2-1/2"]
[Date "2013.01.06"]
[WhiteElo "1600"]
[BlackElo "1890"]
[PlyCount "32"]
[EventDate "2013.01.03"]
[EventType "swiss"]
[EventRounds "7"]
[EventCountry "GER"]
[SourceTitle "EXT 2014"]
[Source "ChessBase"]
[SourceDate "2013.11.20"]
[SourceVersion "1"]
[SourceVersionDate "2013.11.20"]
[SourceQuality "1"]

1. d4 d5 2. c4 Nf6 3. Nf3 c6 4. e3 Bg4 5. Qb3 Qc7 6. Ne5 e6 7. Nxg4 Nxg4 8. Nc3 Be7 9. Be2 h5 10. h3 Nxf2 11. Rf1 Bh4 12. Rxf2 Rh6 13. Nd1 dxc4 14. Qxc4 Nd7 15. e4 Rf6 16. Be3 0-0-0 1/2-1/2